LIBRARY ONLINE CATALOGUE

An introduction to English morphology : (Record no. 20499)

MARC details
000 -LEADER
fixed length control field 01000cam a2200277 a 4500
001 - CONTROL NUMBER
control field 12846203
003 - CONTROL NUMBER IDENTIFIER
control field OSt
005 - DATE AND TIME OF LATEST TRANSACTION
control field 20240724101517.0
008 - FIXED-LENGTH DATA ELEMENTS--GENERAL INFORMATION
fixed length control field 020201s2002 stka b 001 0 eng
010 ## - LIBRARY OF CONGRESS CONTROL NUMBER
LC control number 2002416318
015 ## - NATIONAL BIBLIOGRAPHY NUMBER
National bibliography number GBA2-11237
020 ## - INTERNATIONAL STANDARD BOOK NUMBER
International Standard Book Number 1474428972
035 ## - SYSTEM CONTROL NUMBER
System control number (OCoLC)ocm48930296
040 ## - CATALOGING SOURCE
Original cataloging agency UKM
Transcribing agency UKM
Modifying agency DLC
050 00 - LIBRARY OF CONGRESS CALL NUMBER
Classification number PE1171
Item number .C37 2018
100 1# - MAIN ENTRY--PERSONAL NAME
Personal name Carstairs-McCarthy, Andrew,
Dates associated with a name 1945-
245 13 - TITLE STATEMENT
Title An introduction to English morphology :
Remainder of title words and their structure /
Statement of responsibility, etc. Andrew Carstairs-McCarthy.
260 ## - PUBLICATION, DISTRIBUTION, ETC. (IMPRINT)
Place of publication, distribution, etc. Edinburgh :
Name of publisher, distributor, etc. Edinburgh University Press,
Date of publication, distribution, etc. 2018
300 ## - PHYSICAL DESCRIPTION
Extent viii, 151 p.
440 #0 - SERIES STATEMENT/ADDED ENTRY--TITLE
Title Edinburgh textbooks on the English language
504 ## - BIBLIOGRAPHY, ETC. NOTE
Bibliography, etc Includes bibliographical references (p. 148-149) and index.
650 #0 - SUBJECT ADDED ENTRY--TOPICAL TERM
Topical term or geographic name as entry element English language
General subdivision Morphology.
906 ## - LOCAL DATA ELEMENT F, LDF (RLIN)
a 7
b cbc
c copycat
d 2
e ncip
f 20
g y-gencatlg
942 ## - ADDED ENTRY ELEMENTS (KOHA)
Source of classification or shelving scheme Library of Congress Classification
Koha item type General Collection
Holdings
Withdrawn status Lost status Source of classification or shelving scheme Not for loan Home library Current library Date acquired Cost, normal purchase price Total Checkouts Full call number Barcode Date last seen Date last checked out Price effective from Koha item type
    Library of Congress Classification   Kabarak, Main Campus Kabarak, Main Campus 24/07/2024 3985.00 1 PE1171 .C37 2018 c.1 34049 07/10/2025 22/09/2025 24/07/2024 General Collection